000 00368nam a2200157Ia 4500
100 _aYadav/D.S
650 _aInformation technology
942 _cBK
654 _ainformation technology
245 _aFoundations of Information technology
260 _bNew Age Interational Ltd.
_c2002
082 _a4.6
_bYAD
300 _a382
546 _aENGLISH
999 _c29764
_d29764